000
00336 a2200157 4500
001
61510
020
_a
9788508150212
040
_c
Anchieta - Pituba
100
_a
Sousa, Cruz e
240
1
0
_a
Antologia poética
_l
por
245
1
0
_a
Antologia poética
300
_a
221
362
0
_a
2012
650
4
_a
Poesia brasileira
942
_c
BK
999
_c
61510
_d
61510